André Vaillant, Grammaire comparée des langues slaves, Tome 1. Phonétique. Paris, 1950 (Collection les langues du monde série grammaire, philologie, littérature ;6.) : recenziâ

Elmentve itt :
Bibliográfiai részletek
További közreműködők: Vaillant André
Dokumentumtípus: Cikk
Megjelent: Izd. Akademii Nauk SSSR Moskva ; Leningrad 1951
Sorozat:Izvestiâ Akademii Nauk SSSR : Otdelenie literatury i âzyka
Kulcsszavak:Nyelvtan - összehasonlító - szláv nyelvek - könyvismertetés, Szláv nyelvek - hangtan - könyvismertetés
Tárgyszavak:
Online Access:http://misc.bibl.u-szeged.hu/61396
LEADER 01035nab a2200229 i 4500
001 misc61396
005 20230512153436.0
008 230405s1951 hu o 0|| rus d
040 |a SZTE Miscellanea Repozitórium  |b hun 
041 |a rus 
245 0 0 |a André Vaillant, Grammaire comparée des langues slaves, Tome 1. Phonétique. Paris, 1950 (Collection les langues du monde   |h [elektronikus dokumentum] :  |b série grammaire, philologie, littérature ;6.) : recenziâ 
260 |a Izd. Akademii Nauk SSSR  |b Moskva ; Leningrad  |c 1951 
300 |a 393-396  |c 27 cm 
300 |a [4] p.  |c 27 cm 
490 0 |a Izvestiâ Akademii Nauk SSSR : Otdelenie literatury i âzyka 
561 |a Németh Gyula hagyaték 
591 |a NOV 6273 
650 4 |a Bölcsészettudományok 
650 4 |a Nyelvek és irodalom 
695 |a Nyelvtan - összehasonlító - szláv nyelvek - könyvismertetés, Szláv nyelvek - hangtan - könyvismertetés 
700 0 1 |a Vaillant André 
856 4 0 |u http://misc.bibl.u-szeged.hu/61396/1/6273_noz.pdf  |z Dokumentum-elérés